000 00446nam a2200181Ia 4500
001 9606
005 20260306161731.0
008 260306t2011||||xx |||||||||||||| ||spa||
041 _aESP
082 _a382.6
_bP91
100 _aDe la Puente León, José Antonio
_eAUT
245 0 _aBrasil:
_bguía práctica para exportar
260 _c2011
300 _a188 páginas :
_c21 cm.
650 _aGEN
654 _aCAN
942 _cLIB
_dJUS
_fJUS
_2ddc
_n
999 _c9606
_d9606